000 00396nam a2200169Ia 4500
008 230524s9999 xx 000 0 und d
082 _a530
_bMIS
100 _aKampal Mishra
245 0 _aEngineering Physics
250 _a2ND
260 _aNEW DELHI
_bScitech
_c2008
300 _aXI;10.20
500 _aQuantity Number: 90
650 _aPhysics
700 _a P.Pattojoshi
942 _cBK
999 _c40745
_d40745